Applied marketing and social research /

Bibliographic Details
Other Authors: Bradley, Ute
Format: Book
Language:English
Published: Chichester ; New York : J. Wiley, [1987]
Edition:2nd ed.
Subjects:

MARC

Tag First Indicator Second Indicator Subfields
LEADER 00000cam a2200000 a 4500
001 in00000018954
005 20151007054121.0
008 861204s1987 enka b 00000 eng
010 |a  86032447  
020 |a 0471913561 :  |c $29.00 
020 |a 0471914754 (pbk.) :  |c $14.00 
035 |a (OCoLC)15017737 
035 |9 AAB4035AM 
040 |a DLC  |c DLC  |d TXA  |d UtOrBLW 
043 |a e-uk--- 
049 |a TXAM  |c [A11495346] 
050 0 0 |a HF5415.2  |b .A654 1987 
082 0 |a 658.8/3  |2 19 
245 0 0 |a Applied marketing and social research /  |c edited by Ute Bradley ; foreword by John Downham. 
250 |a 2nd ed. 
264 1 |a Chichester ;  |a New York :  |b J. Wiley,  |c [1987] 
264 4 |c ©1987 
300 |a xvii, 488 pages :  |b illustrations ;  |c 24 cm. 
336 |a text  |b txt  |2 rdacontent 
337 |a unmediated  |b n  |2 rdamedia 
338 |a volume  |b nc  |2 rdacarrier 
504 |a Includes bibliographies. 
650 0 |a Marketing research  |v Case studies. 
650 0 |a Marketing research  |z Great Britain  |x Case studies. 
700 1 |a Bradley, Ute. 
999 |a MARS 
999 f f |s 39ba9994-c050-3a29-9f31-868f0f36b452  |i cbe32cfc-0223-3cca-897d-a901b93c9c9b  |t 0 
952 f f |p ric  |a Texas A&M University  |b Rellis Campus  |c Joint Library Facility  |d Remote Storage  |t 0  |e HF5415.2 .A654 1987  |h Library of Congress classification  |i unmediated -- volume  |m A14811495346 
998 f f |a HF5415.2 .A654 1987  |t 0  |l Remote Storage